Biblioteka Instytutu Północnego w Olsztynie

Widok standardowy Widok MARC

Pozycja Geographic Name

Liczba rekordów, w których użyto hasła: 1

001 - Numer kontrolny

  • control field: 40877

003 - Identyfikator numeru kontrolnego

  • control field: NUKAT

005 - Data i czas ostatniej modyfikacji

  • control field: 20260429125356.0

008 - Dane kontrolne kodowane (40 znaków)

  • fixed length control field: 200624n||azznnbabn |a ana |c

010 ## - Numer kontrolny Biblioteki Kongresu

  • numer kontrolny LC: p 2020078468

034 ## - CODED CARTOGRAPHIC MATHEMATICAL DATA

  • Coordinates - westernmost longitude: E0162622
  • Coordinates - easternmost longitude: E0162622
  • Coordinates - northernmost latitude: N0503749
  • Coordinates - southernmost latitude: N0503749
  • Source: wikiped

035 ## - Numer systemowy

  • numer systemowy: (PL)a1000000784256

040 ## - Instytucja sporządzająca rekord

  • inst. przygot. dane do rek. khw: WA N
  • język haseł przedmiotowych/tezaurus: DBN
  • inst. wprow. rek. khw: WA N

043 ## - Kod obszaru geograficznego

  • ISO code: PL

151 ## - Hasło - nazwa geograficzna

  • nazwa geograficzna: Świerki (woj. dolnośląskie, pow. kłodzki, gm. Nowa Ruda)

368 ## - Other Attributes

  • Juris type: Wsie

451 ## - Trop zob. - nazwa geograficzna

  • nazwa geograficzna: Königswalde

451 ## - Trop zob. - nazwa geograficzna

  • nazwa geograficzna: Konary

451 ## - Trop zob. - nazwa geograficzna

  • nazwa geograficzna: Królewski Las

451 ## - Trop zob. - nazwa geograficzna

  • nazwa geograficzna: Lesisk

670 ## - Źródło informacji

  • źródło informacji: Tajemnice strażnicy WOP w Konarach (1945-1947) / Artur Ochał. - Warszawa ; Szczecin, 2020.

670 ## - Źródło informacji

  • źródło informacji: TERYT

670 ## - Źródło informacji

  • źródło informacji: Wikipedia

675 ## - Źródło nie podające informacji

  • wskazanie źródła: Geonames
Biblioteka Instytutu Północnego, ul. Partyzantów 87, 10-402 Olsztyn, email: biblioteka(at)ip.olsztyn.pl